000 00279nam a2200109Ia 4500
005 20251222143224.0
008 251222s9999||||xx |||||||||||||| ||spa||
082 _a809.01/H25/T.II
100 _aHauser, Arnold
245 0 _aHistoria Social de la Literatura y el Arte
942 _cLIB
999 _c13932
_d13932